| 000 | 00906cab a22001935a 4500 | ||
|---|---|---|---|
| 001 | L156417 | ||
| 008 | 120518e2012 xxk 000 0 eng d | ||
| 035 | _a(Sirsi) u156417 | ||
| 041 | 0 | _aeng | |
| 110 | 2 |
_aEuroProperty _91216 |
|
| 245 | 0 | 0 | _aPropertyMatch |
| 260 | _c2012 | ||
| 490 | 0 |
_aEuroProperty _v23 April 2012, 22(1) |
|
| 520 | _aCBRE and GFI Group's online trading portal for units in unlisted property funds has just registered Euros 1.2bn of trades and is seeing its user base expand from the UK into Europe. It is a screen-based system operating in real time which should provide the best price anywhere in the market at the time the deal is executed. Initially the take-up was UK focused but the European share of the volume of trades, originally accounting for a third, is likely to increase. | ||
| 590 | _aKA | ||
| 651 | 4 | _aEurope | |
| 690 |
_aCommercial property _96227 |
||
| 942 | _n0 | ||
| 999 |
_c84003 _d84003 |
||